000 00534nam a2200193 i 4500
001 63377
003 ES-MaACL
005 20230906164839.0
007 t|
008 031209s1957 sp ||||1| spa d
100 1 _aFerre, Juan Bautista María.
_950359
245 1 0 _aCatolicismo o capillismo /
_cJuan Bta. Ferre.
260 _aMadrid :
_bEuramérica,
_c[1957]
300 _a198 p. ;
_c18 cm.
490 1 _aMundo mejor ;
_v4
830 0 _aMundo mejor ;
_v4
_9181381
852 _aES-MaACL
_jC-12458
_bR.41006
999 _c63377
_d63377